LIBRARY & INFORMATION CENTRE, KCAET, TAVANUR

ONLINE PUBLIC ACCESS CATALOGUE (OPAC)

Elementary particles / (Record no. 9069)

MARC details
000 -LEADER
fixed length control field 00469cam a2200193ua 4500
041 ## - LANGUAGE CODE
Language code of text/sound track or separate title eng
082 ## - DEWEY DECIMAL CLASSIFICATION NUMBER
Classification number 539.72
Item number FRI/EL
100 ## - MAIN ENTRY--AUTHOR NAME
Personal name Frisch, David H .
245 ## - TITLE STATEMENT
Title Elementary particles /
250 ## - EDITION STATEMENT
Edition statement 1 /
260 ## - PUBLICATION, DISTRIBUTION, ETC. (IMPRINT)
Place of publication Toronto :
Name of publisher D Van nostrand co ,
Year of publication 1966.
300 ## - PHYSICAL DESCRIPTION
Number of Pages 153 ; .
700 1# - ADDED ENTRY--PERSONAL NAME
Personal name Thorndike, Alan M .
942 ## - ADDED ENTRY ELEMENTS (KOHA)
Koha item type Books
Holdings
Withdrawn status Lost status Damaged status Home library Current library Date acquired Full call number Accession Number Koha item type
Withdrawn     KAUAET Malayalam University 07/04/2012 539.72 10632 Books
free website counter